Statistics for 2008 Stanley Cup Champion Detroit Red Wings

Click here to take the quiz!

General Stats

  • This quiz has been taken 330 times
  • The average score is 11 of 19

Answer Stats

Uniform NumberPositionPlayer% Correct
40WingHenrik Zetterberg
95%
13CenterPavel Datsyuk
94%
5DefenseNicklas Lidstrom
93%
30GoaltenderChris Osgood
88%
55DefenseNicklas Kronwall
82%
93WingJohan Franzen
74%
96WingTomas Holmstrom
71%
43CenterDarren Helm
65%
33CenterKris Draper
65%
18WingKirk Maltby
56%
51CenterValtteri Filppula
55%
11WingDaniel Cleary
53%
28DefenseBrian Rafalski
50%
37WingMikael Samuelsson
42%
26CenterJuri Hudler
35%
3DefenseAndreas Lilja
34%
22DefenseBrett Lebda
29%
17WingDallas Drake
27%
23DefenseBrad Stuart
22%

Score Distribution

Percentile by Number Answered

Percent of People with Each Score

Your Score History

You have not taken this quiz